在空白地图上画出河南所有县级行政区Counties in Henan with an empty map - Statistics

General Stats
  • This quiz has been taken 126 times
  • The average score is 106 of 157
Answers on the Map
Answers color-coded by a green-red scale on the quiz's map according to % correct below.
 
Answer Stats
地级 县级 % Correct
郑州市 二七区
97%
信阳市 新县
97%
(直辖) 济源市
97%
郑州市 新郑市
94%
郑州市 登封市
91%
开封市 兰考县
91%
郑州市 管城回族区
89%
郑州市 金水区
89%
洛阳市 洛龙区
89%
安阳市 林州市
89%
濮阳市 濮阳县
89%
郑州市 中原区
86%
三门峡市 渑池县
86%
郑州市 中牟县
83%
郑州市 荥阳市
83%
新乡市 新乡县
83%
许昌市 魏都区
83%
三门峡市 陕州区
83%
南阳市 邓州市
83%
郑州市 巩义市
80%
郑州市 新密市
80%
洛阳市 瀍河回族区
80%
平顶山市 汝州市
80%
安阳市 滑县
80%
安阳市 内黄县
80%
新乡市 红旗区
80%
新乡市 卫辉市
80%
新乡市 辉县市
80%
三门峡市 灵宝市
80%
驻马店市 汝南县
80%
洛阳市 老城区
77%
洛阳市 西工区
77%
洛阳市 孟津区
77%
安阳市 安阳县
77%
鹤壁市 浚县
77%
濮阳市 台前县
77%
许昌市 禹州市
77%
三门峡市 义马市
77%
南阳市 宛城区
77%
开封市 顺河回族区
74%
开封市 杞县
74%
洛阳市 偃师区
74%
鹤壁市 淇滨区
74%
鹤壁市 淇县
74%
新乡市 牧野区
74%
新乡市 长垣市
74%
焦作市 解放区
74%
濮阳市 范县
74%
许昌市 建安区
74%
三门峡市 卢氏县
74%
南阳市 卧龙区
74%
信阳市 商城县
74%
信阳市 固始县
74%
驻马店市 上蔡县
74%
郑州市 上街区
71%
开封市 祥符区
71%
洛阳市 汝阳县
71%
平顶山市 舞钢市
71%
安阳市 殷都区
71%
新乡市 封丘县
71%
焦作市 温县
71%
许昌市 长葛市
71%
漯河市 舞阳县
71%
商丘市 永城市
71%
信阳市 光山县
71%
周口市 项城市
71%
开封市 鼓楼区
69%
开封市 禹王台区
69%
洛阳市 嵩县
69%
洛阳市 伊川县
69%
鹤壁市 鹤山区
69%
鹤壁市 山城区
69%
焦作市 孟州市
69%
南阳市 新野县
69%
郑州市 惠济区
66%
开封市 龙亭区
66%
开封市 尉氏县
66%
洛阳市 涧西区
66%
洛阳市 新安县
66%
洛阳市 栾川县
66%
平顶山市 新华区
66%
焦作市 沁阳市
66%
濮阳市 清丰县
66%
漯河市 郾城区
66%
漯河市 临颍县
66%
三门峡市 湖滨区
66%
商丘市 梁园区
66%
商丘市 民权县
66%
商丘市 睢县
66%
信阳市 息县
66%
周口市 淮阳区
66%
驻马店市 驿城区
66%
驻马店市 新蔡县
66%
平顶山市 郏县
63%
新乡市 延津县
63%
焦作市 山阳区
63%
焦作市 修武县
63%
焦作市 博爱县
63%
焦作市 武陟县
63%
濮阳市 华龙区
63%
濮阳市 南乐县
63%
许昌市 鄢陵县
63%
许昌市 襄城县
63%
漯河市 召陵区
63%
南阳市 淅川县
63%
南阳市 社旗县
63%
商丘市 睢阳区
63%
信阳市 浉河区
63%
驻马店市 泌阳县
63%
洛阳市 宜阳县
60%
洛阳市 洛宁县
60%
安阳市 文峰区
60%
安阳市 汤阴县
60%
漯河市 源汇区
60%
南阳市 方城县
60%
南阳市 桐柏县
60%
商丘市 夏邑县
60%
周口市 鹿邑县
60%
驻马店市 确山县
60%
开封市 通许县
57%
安阳市 北关区
57%
新乡市 卫滨区
57%
新乡市 获嘉县
57%
新乡市 原阳县
57%
焦作市 中站区
57%
南阳市 唐河县
57%
商丘市 虞城县
57%
周口市 川汇区
57%
驻马店市 西平县
57%
平顶山市 卫东区
54%
平顶山市 石龙区
54%
平顶山市 湛河区
54%
平顶山市 鲁山县
54%
焦作市 马村区
54%
南阳市 西峡县
54%
南阳市 内乡县
54%
信阳市 平桥区
54%
信阳市 潢川县
54%
信阳市 淮滨县
54%
周口市 商水县
54%
周口市 郸城县
54%
平顶山市 叶县
51%
安阳市 龙安区
51%
新乡市 凤泉区
51%
南阳市 镇平县
51%
周口市 西华县
51%
周口市 沈丘县
51%
周口市 太康县
51%
驻马店市 平舆县
51%
驻马店市 正阳县
51%
平顶山市 宝丰县
49%
商丘市 宁陵县
49%
商丘市 柘城县
49%
信阳市 罗山县
49%
驻马店市 遂平县
49%
南阳市 南召县
43%
周口市 扶沟县
43%
No matching quizzes found
Score Distribution
Percent of People with Each Score
Percentile by Number Answered
Your Score History
You have not taken this quiz